KOHA-Header-6

The New Communications Technologies (Record no. 6971)

000 -LEADER
fixed length control field 00263nam a2200109Ia 4500
100 ## - MAIN ENTRY--AUTHOR NAME
Personal name M. A. Mirabito
245 #4 - TITLE STATEMENT
Title The New Communications Technologies
260 ## - PUBLICATION, DISTRIBUTION, ETC. (IMPRINT)
Place of publication USA
Name of publisher Pearson
Year of publication 1994
300 ## - PHYSICAL DESCRIPTION
Number of Pages 223
942 ## - ADDED ENTRY ELEMENTS (KOHA)
Koha item type Books
Holdings
Withdrawn status Lost status Collection code Permanent Location Current Location Shelving location Date acquired Full call number Accession Number Koha item type
    Electrical Engineering MAJU MAJU Shelf No.A25 2019-09-11 910.9 520 Electrical Engineering

Powered by Koha